[Event "Fynsmesterskabet "]
[Site "Odense"]
[Date "2008.03.13"]
[Round "7"]
[White "Hust, Christian Winther"]
[Black "Frederiksen, Jens"]
[Result "1-0"]
[WhiteElo "1593"]
[BlackElo "1431"]
[PlyCount "137"]
[EventDate "2008.??.??"]
[EventType "swiss"]
[EventRounds "7"]
[EventCountry "DEN"]

1. e4 c5 2. Nf3 Nc6 3. c3 g6 4. d4 cxd4 5. cxd4 a6 6. d5 Na7 7. Nc3 Bg7 8. Bd3
Nf6 9. e5 Ng8 10. O-O e6 11. Bg5 f6 12. exf6 Bxf6 13. Ne4 h6 14. Nxf6+ Nxf6 15.
Bxg6+ Kf8 16. Bh4 Kg7 17. Bh5 Qa5 18. Qd4 Rf8 19. Bxf6+ Rxf6 20. Qg4+ Kh7 21.
dxe6 dxe6 22. Qe4+ Kg7 23. g4 Qd5 24. Qxd5 exd5 25. Nd4 Rf4 26. Ne2 Rf6 27. h3
Nc6 28. f4 Nb4 29. Rad1 Nc2 30. Rf3 Bd7 31. Rc3 Nb4 32. Rc7 Rd8 33. a3 Rc6 34.
Rxb7 Rc2 35. Nd4 Kf6 36. Rxb4 Rc4 37. Rb6+ Ke7 38. Rxh6 Rdc8 39. Re1+ Kd8 40.
Rh8+ Kc7 41. Rxc8+ Kxc8 42. Ne2 Rc2 43. Rc1 Rxc1+ 44. Nxc1 Kd8 45. f5 Ke7 46.
Kf2 Kf6 47. Kg3 Kg5 48. h4+ Kh6 49. Bf7 Bc6 50. g5+ Kg7 51. Be6 d4 52. Bc4 a5
53. f6+ Kh7 54. h5 Be4 55. Kf2 d3 56. Nxd3 Bxd3 57. Bxd3+ Kg8 58. b4 axb4 59.
axb4 Kf7 60. Bc4+ Kf8 61. h6 Ke8 62. g6 Kd7 63. h7 Kd6 64. h8=Q Kc7 65. g7 Kd6
66. Qb8+ Kc6 67. Bb5+ Kd5 68. g8=Q+ Kd4 69. Qc4# 1-0

[Event "Fynsmesterskabet "]
[Site "Odense"]
[Date "2008.03.13"]
[Round "7"]
[White "Jorgensen, Peter Frank"]
[Black "Frimodt, Michael"]
[Result "1/2-1/2"]
[WhiteElo "1493"]
[BlackElo "1416"]
[PlyCount "47"]
[EventDate "2008.??.??"]
[EventType "swiss"]
[EventRounds "7"]
[EventCountry "DEN"]

1. e4 e5 2. Nf3 Nc6 3. Bc4 Bc5 4. c3 Nf6 5. d4 exd4 6. cxd4 Bb4+ 7. Nc3 Nxe4 8.
Qb3 O-O 9. O-O Bxc3 10. bxc3 Na5 11. Bxf7+ Rxf7 12. Qd5 Nxc3 13. Qxa5 Ne2+ 14.
Kh1 Nxc1 15. Raxc1 d6 16. Ng5 Rf5 17. d5 Rxg5 18. Rxc7 b6 19. Qc3 Bd7 20. Rc1
Re5 21. f4 Rf5 22. Qa3 Rxd5 23. Qb3 Be6 24. f5 1/2-1/2

[Event "Fynsmesterskabet "]
[Site "Odense"]
[Date "2008.03.13"]
[Round "7"]
[White "Kiel, Jorgen"]
[Black "Ploug, Kurt"]
[Result "1/2-1/2"]
[WhiteElo "1621"]
[BlackElo "1701"]
[PlyCount "57"]
[EventDate "2008.??.??"]
[EventType "swiss"]
[EventRounds "7"]
[EventCountry "DEN"]

1. c4 c5 2. Nc3 Nc6 3. g3 b6 4. Bg2 Bb7 5. Nf3 Nd4 6. O-O Nxf3+ 7. Bxf3 Bxf3 8.
exf3 Nf6 9. d4 cxd4 10. Qxd4 e6 11. Bg5 Be7 12. Qh4 Ng8 13. Bxe7 Nxe7 14. Rfd1
O-O 15. Ne4 Nf5 16. Qh5 g6 17. Qh3 h5 18. Rd3 Rc8 19. Rad1 d6 20. b3 b5 21.
cxb5 d5 22. Nd2 Qa5 23. a4 Rc3 24. Qf1 Rfc8 25. Nb1 Rc2 26. R3d2 Qb4 27. Rxc2
Rxc2 28. Qd3 Qc5 29. Rd2 1/2-1/2

[Event "Fynsmesterskabet "]
[Site "Odense"]
[Date "2008.03.13"]
[Round "7"]
[White "Kjeldsen, Anton"]
[Black "Furrer, Heinz"]
[Result "0-1"]
[WhiteElo "1655"]
[BlackElo "1779"]
[PlyCount "50"]
[EventDate "2008.??.??"]
[EventType "swiss"]
[EventRounds "7"]
[EventCountry "DEN"]

1. e4 c5 2. Nf3 d6 3. d4 cxd4 4. Nxd4 Nf6 5. Nc3 a6 6. Bc4 e6 7. f3 Be7 8. Be3
Qc7 9. Bb3 Bd7 10. Qd2 Nc6 11. Nxc6 Bxc6 12. O-O-O O-O 13. g4 b5 14. h4 a5 15.
a4 b4 16. Ne2 Qd7 17. Ba2 Rfc8 18. b3 e5 19. Bb1 d5 20. g5 Nxe4 21. fxe4 d4 22.
Ng3 Bxa4 23. bxa4 b3 24. Bxd4 exd4 25. Qxd4 Ba3+ 0-1

[Event "Fynsmesterskabet "]
[Site "Odense"]
[Date "2008.03.13"]
[Round "7"]
[White "Kristensen, Dan Wulff"]
[Black "Rasmussen, Jens"]
[Result "1-0"]
[WhiteElo "1428"]
[BlackElo "1584"]
[PlyCount "125"]
[EventDate "2008.??.??"]
[EventType "swiss"]
[EventRounds "7"]
[EventCountry "DEN"]

1. e4 c5 2. Nf3 d6 3. d4 cxd4 4. Nxd4 Nf6 5. Nc3 a6 6. Be3 e5 7. Nb3 Be6 8. h3
Nbd7 9. f4 Nc5 10. Nxc5 dxc5 11. Qxd8+ Rxd8 12. f5 Bd7 13. g4 Bc6 14. Bg2 Be7
15. g5 Nh5 16. Bf3 Ng3 17. Rg1 Nxf5 18. exf5 Bxf3 19. Kf2 Bh5 20. Na4 b5 21.
Nxc5 Bxc5 22. Bxc5 Rd2+ 23. Kg3 Rxc2 24. b4 f6 25. gxf6 gxf6 26. Rgc1 Rg8+ 27.
Kh4 Re2 28. Kxh5 Rg5+ 29. Kh6 Re4 30. Bf2 Rxb4 31. Rc8+ Kd7 32. Rf8 Rc4 33.
Rxf6 Rg2 34. Rd1+ Kc8 35. Rf8+ Kb7 36. Rf7+ Rc7 37. Rxc7+ Kxc7 38. f6 Rg6+ 39.
Kxh7 Rxf6 40. Bg3 Kc6 41. Bxe5 Rf5 42. Rd6+ Kc5 43. Re6 a5 44. Kg6 Rf2 45. a3
Kd5 46. Re8 Rf3 47. h4 Rxa3 48. h5 Ra2 49. h6 Rg2+ 50. Kf7 Rf2+ 51. Bf6 Rh2 52.
Kg6 Kc4 53. Re4+ Kb3 54. Rh4 Rg2+ 55. Kf7 Rc2 56. h7 Rc8 57. Bg7 b4 58. h8=Q
Rxh8 59. Rxh8 a4 60. Rb8 Kc4 61. Bf8 a3 62. Rxb4+ Kc3 63. Ra4 1-0

[Event "Fynsmesterskabet "]
[Site "Odense"]
[Date "2008.03.13"]
[Round "7"]
[White "Madsen, Michael B"]
[Black "Veise, Svend"]
[Result "1-0"]
[WhiteElo "1917"]
[BlackElo "1835"]
[PlyCount "53"]
[EventDate "2008.??.??"]
[EventType "swiss"]
[EventRounds "7"]
[EventCountry "DEN"]

1. e4 d5 2. exd5 Qxd5 3. Nc3 Qa5 4. Nf3 Bg4 5. Bc4 e6 6. h3 Bxf3 7. Qxf3 c6 8.
d4 Nf6 9. Bd2 Qc7 10. O-O-O Be7 11. g4 h6 12. h4 Nd5 13. g5 hxg5 14. hxg5 Rxh1
15. Rxh1 Nxc3 16. Qxc3 g6 17. Rh8+ Bf8 18. Qf3 Nd7 19. Bf4 Qa5 20. c3 O-O-O 21.
Bd2 Qf5 22. Qxf5 gxf5 23. Rh7 Nb6 24. Bb3 Be7 25. g6 Nd5 26. Bxd5 cxd5 27. g7
1-0

[Event "Fynsmesterskabet "]
[Site "Odense"]
[Date "2008.03.13"]
[Round "7"]
[White "Moestrup, Jorn"]
[Black "Sorensen, Per Smidt"]
[Result "1/2-1/2"]
[WhiteElo "2032"]
[BlackElo "2017"]
[PlyCount "32"]
[EventDate "2008.??.??"]
[EventType "swiss"]
[EventRounds "7"]
[EventCountry "DEN"]

1. Nf3 c5 2. c4 Nf6 3. Nc3 d5 4. cxd5 Nxd5 5. g3 Nc6 6. Bg2 Nc7 7. O-O e5 8. d3
Be7 9. Be3 O-O 10. Rc1 b6 11. a3 Bd7 12. Nd2 Ne6 13. Nd5 Rc8 14. Ne4 Nc7 15.
Nxe7+ Qxe7 16. Nc3 Nd4 1/2-1/2

[Event "Fynsmesterskabet "]
[Site "Odense"]
[Date "2008.03.13"]
[Round "7"]
[White "Nielsen, Villy"]
[Black "Caceres, Cipriano Sande"]
[Result "0-1"]
[WhiteElo "1128"]
[BlackElo "1502"]
[PlyCount "62"]
[EventDate "2008.??.??"]
[EventType "swiss"]
[EventRounds "7"]
[EventCountry "DEN"]

1. e4 c5 2. c3 e6 3. Nf3 Be7 4. Na3 a6 5. b3 Nc6 6. Bb2 d5 7. exd5 exd5 8. Nc2
Nf6 9. h3 Qd6 10. Bd3 Ne4 11. Qe2 f5 12. O-O-O Bf6 13. Nh2 Ne5 14. Bxe4 dxe4
15. d4 exd3 16. Qe3 O-O 17. f4 Ng6 18. g4 Qd5 19. Na3 b5 20. Rhe1 c4 21. Qf3
Bb7 22. Qxd5+ Bxd5 23. b4 Rfe8 24. Nf1 Re2 25. Nd2 Rae8 26. Rg1 Rh2 27. h4 Ree2
28. Nab1 Kf7 29. Rge1 Bf3 30. Rxe2 Bxe2 31. Re1 Rg2 0-1

[Event "Fynsmesterskabet "]
[Site "Odense"]
[Date "2008.03.13"]
[Round "7"]
[White "Nykjaer, Jess"]
[Black "Nielsen, Theis"]
[Result "1/2-1/2"]
[WhiteElo "1769"]
[BlackElo "1693"]
[PlyCount "94"]
[EventDate "2008.??.??"]
[EventType "swiss"]
[EventRounds "7"]
[EventCountry "DEN"]

1. e4 d5 2. exd5 Qxd5 3. Nc3 Qa5 4. d4 c6 5. Bc4 Bf5 6. Nf3 e6 7. O-O Nf6 8.
Re1 Bb4 9. Bd2 Qc7 10. d5 cxd5 11. Bxd5 Bxc3 12. Bxc3 Nc6 13. Bxc6+ bxc6 14.
Be5 Qb6 15. Bxf6 gxf6 16. Nh4 Bg6 17. Qf3 Ke7 18. Nf5+ Bxf5 19. Qxf5 Qb5 20.
Qf3 Rad8 21. Qa3+ c5 22. Qxa7+ Rd7 23. Qa3 Rhd8 24. Qc3 Rd4 25. a4 Qc6 26. a5
Rg8 27. g3 Ra8 28. a6 Rd5 29. Qc4 Rd4 30. Qc3 Rd5 31. Qa3 Rd6 32. Qe3 Qb5 33.
Ra3 Raxa6 34. Rb3 Qc6 35. Rc3 Rd5 36. b3 Re5 37. Qd2 Qd5 38. Rd3 Rxe1+ 39. Qxe1
Qc6 40. Qc3 Rb6 41. Rd1 Ra6 42. b4 c4 43. Qd4 e5 44. Qd8+ Ke6 45. b5 Qxb5 46.
Qc8+ Ke7 47. Qc7+ Ke6 1/2-1/2

[Event "Fynsmesterskabet "]
[Site "Odense"]
[Date "2008.03.13"]
[Round "7"]
[White "Pedersen, Jan Nordenbaek"]
[Black "Sorensen, Alex"]
[Result "1-0"]
[WhiteElo "2223"]
[BlackElo "1737"]
[PlyCount "44"]
[EventDate "2008.??.??"]
[EventType "swiss"]
[EventRounds "7"]
[EventCountry "DEN"]

1. e4 d5 2. exd5 Nf6 3. c4 c6 4. d4 cxd5 5. Nc3 Nc6 6. Bg5 Be6 7. c5 Ng4 8.
Nge2 h6 9. Bh4 g5 10. Bg3 f5 11. h3 Nf6 12. Be5 Nxe5 13. dxe5 Ne4 14. Nd4 Nxc3
15. bxc3 Qa5 16. Rc1 Bg8 17. Bb5+ Kd8 18. c6 Kc7 19. cxb7 Rb8 20. O-O Rxb7 21.
c4 Qb6 22. cxd5+ Kb8 1-0

[Event "Fynsmesterskabet "]
[Site "Odense"]
[Date "2008.03.13"]
[Round "7"]
[White "Rasmussen, Erling"]
[Black "Lindenskov, Bjarne"]
[Result "0-1"]
[WhiteElo "1648"]
[BlackElo "1804"]
[PlyCount "72"]
[EventDate "2008.??.??"]
[EventType "swiss"]
[EventRounds "7"]
[EventCountry "DEN"]

1. f4 d5 2. d3 Nf6 3. Nf3 c5 4. c3 Nc6 5. Qc2 e6 6. e4 Be7 7. Be2 O-O 8. O-O
Rb8 9. a4 a6 10. Nbd2 b5 11. Ne5 Qc7 12. Nxc6 Qxc6 13. e5 Nd7 14. c4 bxc4 15.
dxc4 f6 16. cxd5 exd5 17. Bd3 h6 18. Bh7+ Kh8 19. Nf3 fxe5 20. fxe5 Qe6 21. Bd2
Rb6 22. Rae1 g6 23. Bxh6 Kxh7 24. Bxf8 Nxf8 25. Ng5+ Bxg5 26. Rxf8 Be7 27. Rf3
Qg8 28. Ref1 Be6 29. g4 Qg7 30. Qf2 Rb8 31. Rf6 Bxf6 32. exf6 Qf7 33. Qh4+ Kg8
34. Rf3 Qh7 35. Qf2 Rc8 36. g5 Qf7 0-1

[Event "Fynsmesterskabet "]
[Site "Odense"]
[Date "2008.03.13"]
[Round "7"]
[White "Rasmussen, Knud Aage"]
[Black "Jensen, Jacob"]
[Result "1-0"]
[WhiteElo "1741"]
[BlackElo "1578"]
[PlyCount "97"]
[EventDate "2008.??.??"]
[EventType "swiss"]
[EventRounds "7"]
[EventCountry "DEN"]

1. Nf3 e6 2. c4 Nf6 3. Nc3 Bb4 4. g3 d5 5. Qb3 Nc6 6. cxd5 exd5 7. a3 Bc5 8.
Na4 Be7 9. d4 Bd7 10. Bd2 O-O 11. Bg2 Qc8 12. O-O Bg4 13. e3 Bh3 14. Nc3 Be6
15. Qc2 h6 16. b4 a6 17. Rfc1 Bd6 18. Na4 Na7 19. Nc5 Bf5 20. Qb3 c6 21. a4 b6
22. Nd3 Qb7 23. Nfe5 Rfc8 24. h3 Qe7 25. g4 Be4 26. f3 Bh7 27. f4 Ne4 28. Be1
Nf6 29. f5 Ne8 30. Bf2 f6 31. Nxc6 Qd7 32. Bxd5+ Kh8 33. Be6 Qb7 34. Bxc8 Nxc8
35. Nd8 Bg8 36. Nxb7 Bxb3 37. Nxd6 Ncxd6 38. Rc6 b5 39. axb5 Bc4 40. Nc5 Bxb5
41. Rb6 Be2 42. e4 Bf3 43. e5 fxe5 44. dxe5 Ne4 45. Rbxa6 Rb8 46. Re6 Nc7 47.
Re7 Nd5 48. Rb7 Rxb7 49. Nxb7 1-0

[Event "Fynsmesterskabet "]
[Site "Odense"]
[Date "2008.03.13"]
[Round "7"]
[White "Rostgaard, Tobias Valentin"]
[Black "Hansen, Mads"]
[Result "0-1"]
[WhiteElo "1798"]
[BlackElo "1880"]
[PlyCount "104"]
[EventDate "2008.??.??"]
[EventType "swiss"]
[EventRounds "7"]
[EventCountry "DEN"]

1. c4 f5 2. Nc3 Nf6 3. Nf3 g6 4. g3 Bg7 5. Bg2 O-O 6. d3 d6 7. O-O e5 8. Rb1 a5
9. a3 c6 10. Bg5 h6 11. Bxf6 Qxf6 12. Nd2 Be6 13. e3 Na6 14. b4 axb4 15. axb4
Nc7 16. b5 e4 17. d4 c5 18. Ne2 Ra2 19. b6 Na6 20. Nc1 Ra3 21. Ncb3 Ra8 22. f3
cxd4 23. Nxd4 Rxe3 24. Nxe6 Qxe6 25. fxe4 fxe4 26. Re1 Bd4 27. Kh1 Nc5 28. Rxe3
Bxe3 29. Nf1 Nd3 30. Qxd3 exd3 31. Bd5 Qxd5+ 32. cxd5 Bc5 33. Nd2 Ra2 34. Ne4
d2 35. Rd1 Bb4 36. Kg2 Kg7 37. Kf3 Ra5 38. Ke3 Rxd5 39. Ke2 Rd4 40. Nf2 Kf6 41.
Ra1 Rd5 42. Nd3 Bc3 43. Rf1+ Ke7 44. Rf3 Kd7 45. Rf1 g5 46. Rb1 Kc6 47. Nf2 Rd4
48. Rb3 Ba5 49. Rf3 d1=Q+ 50. Nxd1 Rd2+ 51. Ke1 Rxh2+ 52. Kf1 Rh1+ 0-1

[Event "Fynsmesterskabet "]
[Site "Odense"]
[Date "2008.03.13"]
[Round "7"]
[White "Svendsen, Mads Bilde"]
[Black "Hansen, Rene Rauer"]
[Result "0-1"]
[WhiteElo "2098"]
[BlackElo "1876"]
[PlyCount "68"]
[EventDate "2008.??.??"]
[EventType "swiss"]
[EventRounds "7"]
[EventCountry "DEN"]

1. d4 Nf6 2. c4 e6 3. Nc3 Bb4 4. f3 O-O 5. a3 Bxc3+ 6. bxc3 d5 7. cxd5 exd5 8.
e3 c5 9. Bd3 Nc6 10. Ne2 Re8 11. O-O cxd4 12. cxd4 Bd7 13. Ng3 Rc8 14. Re1 Rc7
15. Ra2 Qc8 16. Bd2 Be6 17. Qb1 Rd8 18. Rc2 Qd7 19. a4 h5 20. Rec1 Rdc8 21. a5
h4 22. Ne2 Bf5 23. Bxf5 Qxf5 24. Qb5 a6 25. e4 Qg6 26. Qb3 dxe4 27. f4 Qf5 28.
Rc5 Qg4 29. Qc4 e3 30. Bxe3 Ne4 31. Rd5 h3 32. Ng3 Nxg3 33. hxg3 Qxg3 34. Qe2
Nxd4 0-1